Les enfants de lucifer : drame antique. la soeur gardienne :

Guardado en:
Autor Principal: Schure, Eduardo
Formato: Libro
Publicado: Paris : Perrin, 1922
Materias:
Etiquetas: Agregar Etiqueta
Sin Etiquetas, Sea el primero en etiquetar este registro!
LEADER 00497nam a22001575a 4500
001 EHU.bham017333
003 AR-BHAM
005 20100623030714.0
008 130507s1922##################000#0#####d
082 8 4 |a 842.8 
100 1 |a Schure, Eduardo 
245 1 0 |a Les enfants de lucifer :  |b drame antique. la soeur gardienne :  |c Eduardo Schure 
260 |a Paris :  |b Perrin,  |c 1922 
300 |a 321 p. 
653 |a Teatro frances-1849-1900 
859 |a AR-BHAM  |b BIB. HUMANIDADES - Arturo Marasso  |h 842.8  |i Sch87  |p 2683.57  |t Ej.1  |v M